| 000 | 00638nam a2200121Ia 4500 | ||
|---|---|---|---|
| 008 | 220615s9999||||xx |||||||||||||| ||und|| | ||
| 100 | _aKim, Dong Jung | ||
| 245 | 0 |
_aCompound Containment _bA Reigning Power's Military-Economic Countermeasures against a Challenging Power |
|
| 546 | _aEnglish[eng] | ||
| 650 | _aPolitical Science||World||Asian||Political Science||International Relations||Diplomacy||Political Science||Security (National & International) | ||
| 856 | _uhttps://library.oapen.org/bitstream/20.500.12657/54709/1/external_content.epub||https://library.oapen.org/bitstream/20.500.12657/54709/1/external_content.epub | ||
| 942 | _cEB | ||
| 999 |
_c7452 _d7452 |
||